[Event "Aust Junior Open "]
[Site "Perth "]
[Date "2004.01.14"]
[Round "1.1"]
[White "van Heerden, Daniel"]
[Black "Chow, Sam"]
[Result "0-1"]
[WhiteElo "1532"]
[BlackElo "2130"]
[PlyCount "60"]
[EventDate "2004.01.14"]
[EventType "swiss"]
[EventRounds "11"]
[EventCountry "AUS"]

1. c4 c6 2. e4 d5 3. exd5 Nf6 4. d4 cxd5 5. Nc3 Nc6 6. Bg5 Be6 7. Bxf6 gxf6 8.
c5 Qd7 9. Bb5 Rg8 10. g3 O-O-O 11. Nge2 Bh6 12. O-O Bh3 13. Re1 e5 14. a4 Qf5
15. Nc1 Nxd4 16. Be2 Bd2 17. Rf1 Bxc3 18. bxc3 Nxe2+ 19. Qxe2 Bxf1 20. Qxf1 Qd7
21. a5 a6 22. Rb1 Rg4 23. Rb6 Rc4 24. Nd3 Rxc3 25. Nb4 Rxc5 26. Nxa6 Rc4 27.
Qb1 Re8 28. Nc5 Rxc5 29. a6 Qc7 30. Rxb7 Rc1+ 0-1

[Event "Aust Junior Open "]
[Site "Perth "]
[Date "2004.01.14"]
[Round "1.2"]
[White "Bourmistrov, Denis"]
[Black "Holland, Denis"]
[Result "1-0"]
[WhiteElo "2030"]
[BlackElo "1531"]
[PlyCount "44"]
[EventDate "2004.01.14"]
[EventType "swiss"]
[EventRounds "11"]
[EventCountry "AUS"]

1. d4 d5 2. c4 c6 3. Nf3 Nf6 4. Nc3 dxc4 5. a4 Bf5 6. Nh4 e6 7. Nxf5 exf5 8. e3
Bb4 9. Bxc4 O-O 10. O-O Qc7 11. Qc2 g6 12. f3 Qb6 13. Kh1 Nbd7 14. Na2 a5 15.
Nxb4 Qxb4 16. b3 Rfe8 17. Ba3 Qb6 18. Rae1 Nd5 19. e4 Nb4 20. Qf2 Re7 21. Bxb4
Qxb4 22. Qh4 Rae8 {...} 1-0

[Event "Aust Junior Open "]
[Site "Perth "]
[Date "2004.01.14"]
[Round "1.3"]
[White "van Dijk, Devrim"]
[Black "Zvedeniouk, Ilia"]
[Result "0-1"]
[WhiteElo "1530"]
[BlackElo "1922"]
[PlyCount "70"]
[EventDate "2004.01.14"]
[EventType "swiss"]
[EventRounds "11"]
[EventCountry "AUS"]

1. e4 e6 2. d4 d5 3. Nc3 dxe4 4. Nxe4 Nd7 5. Nf3 Ngf6 6. Nxf6+ Nxf6 7. Bg5 Be7
8. Qd2 Ne4 9. Bxe7 Nxd2 10. Bxd8 Nxf3+ 11. gxf3 Kxd8 12. O-O-O Ke7 13. f4 Rd8
14. Bg2 Rb8 15. Rhe1 Kf6 16. Re5 b6 17. Be4 Bb7 18. f3 g6 19. h4 h5 20. c4 Rd7
21. Kc2 Ba8 22. d5 Rbd8 23. Rd3 exd5 24. cxd5 Kg7 25. Rg5 Kh6 26. d6 Bxe4 27.
fxe4 Rxd6 28. Rxd6 Rxd6 29. Kc3 Rd1 30. f5 Rh1 31. fxg6 fxg6 32. Re5 Rxh4 33.
Re7 a5 34. e5 Rh1 35. Rxc7 Rc1+ 0-1

[Event "Aust Junior Open "]
[Site "Perth "]
[Date "2004.01.14"]
[Round "1.4"]
[White "Wei, Michael"]
[Black "Donaldson, Thomas"]
[Result "1-0"]
[WhiteElo "1870"]
[BlackElo "1520"]
[PlyCount "85"]
[EventDate "2004.01.14"]
[EventType "swiss"]
[EventRounds "11"]
[EventCountry "AUS"]

1. e4 Nf6 2. e5 Nd5 3. d4 d6 4. c4 Nb6 5. exd6 cxd6 6. Nc3 g6 7. Be3 Bg7 8. Rc1
O-O 9. b3 Nc6 10. d5 Ne5 11. h3 e6 12. Be2 f5 13. dxe6 Bxe6 14. Nf3 f4 15. Bd4
Qc7 16. Nb5 Qc6 17. Bxb6 axb6 18. a4 Rad8 19. O-O d5 20. Nfd4 Qd7 21. c5 bxc5
22. Rxc5 Nc6 23. Nxc6 bxc6 24. Nd4 Rc8 25. b4 Bxd4 26. Qxd4 f3 27. Bxf3 Bxh3
28. Bxd5+ cxd5 29. gxh3 Rxc5 30. bxc5 Qxh3 31. Qxd5+ Kg7 32. Qd4+ Kg8 33. Re1
Qf3 34. Re7 Rf7 35. Rxf7 Kxf7 36. Qc4+ Kf6 37. c6 Qf5 38. c7 Qc8 39. a5 Ke7 40.
a6 Kd7 41. a7 g5 42. Qg4+ Kxc7 43. Qxc8+ 1-0

[Event "Aust Junior Open "]
[Site "Perth "]
[Date "2004.01.14"]
[Round "1.5"]
[White "Tran, Christopher"]
[Black "Stojic, Dusan"]
[Result "0-1"]
[WhiteElo "1516"]
[BlackElo "1863"]
[PlyCount "98"]
[EventDate "2004.01.14"]
[EventType "swiss"]
[EventRounds "11"]
[EventCountry "AUS"]

1. d4 Nf6 2. Bg5 Ne4 3. Bf4 d5 4. e3 Bf5 5. f3 Nf6 6. c4 c6 7. Nc3 e6 8. g4 Bg6
9. h4 h6 10. Qb3 Qb6 11. c5 Qxb3 12. axb3 Nbd7 13. Nh3 Be7 14. b4 O-O 15. b5
Nb8 16. Nf2 cxb5 17. Nxb5 Nc6 18. Bd3 Bxd3 19. Nxd3 a6 20. Nc3 Nd7 21. Bg3 b6
22. b4 a5 23. b5 Nb4 24. c6 Nxd3+ 25. Ke2 Nb2 26. cxd7 Ra7 27. Na4 Nc4 28. Rhc1
Rxd7 29. Rxc4 dxc4 30. Nxb6 Rb7 31. Nxc4 Rxb5 32. Rxa5 Rxa5 33. Nxa5 Ra8 34.
Nc6 Bf6 35. Kd3 Ra3+ 36. Ke4 Ra2 37. h5 Rc2 38. Ne5 Rg2 39. Bf4 Bxe5 40. Bxe5
Rd2 41. Bd6 g6 42. Bf4 gxh5 43. Bxh6 h4 44. Ke5 h3 45. Bf4 h2 46. Bxh2 Rxh2 47.
f4 Re2 48. e4 f6+ 49. Kxf6 Rxe4 0-1

[Event "Aust Junior Open "]
[Site "Perth "]
[Date "2004.01.14"]
[Round "1.6"]
[White "Oliver, Gareth"]
[Black "Sreetharan, Kishore"]
[Result "1/2-1/2"]
[WhiteElo "1844"]
[BlackElo "1509"]
[PlyCount "77"]
[EventDate "2004.01.14"]
[EventType "swiss"]
[EventRounds "11"]
[EventCountry "AUS"]

1. d4 Nf6 2. Nf3 e6 3. Bg5 c5 4. e3 b6 5. Bd3 Bb7 6. Nbd2 cxd4 7. exd4 Be7 8.
O-O Nc6 9. c3 Nd5 10. Ne4 Qc7 11. Qd2 f5 12. Ng3 O-O 13. Rfe1 Rae8 14. a3 a6
15. c4 Bxg5 16. Qxg5 Nf4 17. Nh5 Nxh5 18. Qxh5 Na5 19. Bxf5 Rxf5 20. Qxe8+ Rf8
21. Qh5 Bxf3 22. gxf3 Nb3 23. Rad1 Qxc4 24. d5 g6 25. Qh3 Nd4 26. Re4 e5 27.
Rde1 Qxd5 28. Kg2 Nxf3 29. Qxf3 Rxf3 30. Kxf3 d6 31. R1e2 Kf7 32. Kg3 b5 33. f3
Qd3 34. Kf2 Kf6 35. Kg2 Ke6 36. f4 Qd5 37. fxe5 dxe5 38. Kg3 Kf5 39. R4e3
1/2-1/2

[Event "Aust Junior Open "]
[Site "Perth "]
[Date "2004.01.14"]
[Round "1.7"]
[White "Rozells, Nathan"]
[Black "Suttor, Vincent"]
[Result "0-1"]
[WhiteElo "1497"]
[BlackElo "1828"]
[PlyCount "90"]
[EventDate "2004.01.14"]
[EventType "swiss"]
[EventRounds "11"]
[EventCountry "AUS"]

1. e4 c5 2. Nf3 d6 3. d4 cxd4 4. Nxd4 Nf6 5. Nc3 g6 6. Be3 Bg7 7. f3 O-O 8. Qd2
Nc6 9. Bc4 Bd7 10. O-O-O Rc8 11. Bb3 Ne5 12. Kb1 Re8 13. h4 h5 14. Nde2 Qa5 15.
Nd5 Qxd2 16. Rxd2 Nxd5 17. Bxd5 b6 18. Rhd1 Nc4 19. Bxc4 Rxc4 20. Nf4 Rec8 21.
Nd5 Kf8 22. b3 R4c6 23. Nb4 R6c7 24. Bd4 Bh6 25. Nd5 Rb7 26. Be3 Bg7 27. Bd4 f6
28. Be3 Kf7 29. g3 Be6 30. Nf4 Bd7 31. Nd5 Rd8 32. Bf4 Be6 33. Be3 Rf8 34. Kc1
Bc8 35. Bf4 Rd8 36. Be3 Rbd7 37. Nb4 Bb7 38. Kb1 f5 39. Rf2 e6 40. exf5 gxf5
41. g4 hxg4 42. fxg4 Be5 43. g5 Rh8 44. Bf4 Rxh4 45. Re1 Kg6 0-1

[Event "Aust Junior Open "]
[Site "Perth "]
[Date "2004.01.14"]
[Round "1.8"]
[White "Xie, Ken"]
[Black "Guo Yuthok, Sherab"]
[Result "0-1"]
[WhiteElo "1802"]
[BlackElo "1482"]
[PlyCount "81"]
[EventDate "2004.01.14"]
[EventType "swiss"]
[EventRounds "11"]
[EventCountry "AUS"]

1. c4 d6 2. Nc3 e5 3. g3 f5 4. Bg2 Nf6 5. d3 c6 6. Rb1 a5 7. a3 Qc7 8. Bg5 Be7
9. e3 O-O 10. Nge2 Kh8 11. b4 axb4 12. axb4 Bd7 13. b5 h6 14. Bxf6 Bxf6 15. Qd2
g5 16. f4 exf4 17. exf4 Re8 18. O-O g4 19. Kh1 Ra3 20. Qb2 Qa5 21. Ra1 Rxa1 22.
Rxa1 Rxe2 23. Rxa5 Rxb2 24. Ra8 Bxc3 25. Rxb8+ Kg7 26. Rxb7 Rb1+ 27. Bf1 Rxf1+
28. Kg2 Re1 29. Rxd7+ Kf6 30. Rxd6+ Re6 31. Rd8 cxb5 32. cxb5 Rb6 33. Rd5 Ke6
34. Rc5 Bd4 35. Rc4 Kd5 36. Rb4 Bc5 37. Rb3 Bd6 38. Kf2 Kc5 39. Ke3 Rxb5 40.
Rc3+ Kd5 41. d4 0-1

[Event "Aust Junior Open "]
[Site "Perth "]
[Date "2004.01.14"]
[Round "1.9"]
[White "Levin, Joshua"]
[Black "Song, Raymond"]
[Result "0-1"]
[WhiteElo "1464"]
[BlackElo "1790"]
[PlyCount "110"]
[EventDate "2004.01.14"]
[EventType "swiss"]
[EventRounds "11"]
[EventCountry "AUS"]

1. e4 e6 2. Nf3 Nf6 3. Nc3 d5 4. e5 Nfd7 5. d4 c5 6. dxc5 Nc6 7. Bf4 Bxc5 8.
Bd3 f6 9. exf6 Nxf6 10. O-O O-O 11. Bg3 Bd7 12. Re1 a6 13. a3 b5 14. b4 Ba7 15.
Ne2 Qb6 16. c3 e5 17. Nxe5 Nxe5 18. Bxe5 Qxf2+ 19. Kh1 Ng4 20. Bg3 Qxg3 21.
hxg3 Nf2+ 22. Kh2 Nxd1 23. Raxd1 Rf6 24. Nf4 Rh6+ 25. Nh3 g5 26. Re7 Be6 27.
Re1 Bf7 28. Rf1 Bh5 29. g4 Bb8+ 30. Kg1 Bd6 31. Rxh7 Rxh7 32. Bxh7+ Kxh7 33.
gxh5 g4 34. Ng5+ Kg7 35. Rd1 Re8 36. Rxd5 Bg3 37. Rd7+ Kg8 38. Rd1 Re5 39. Rd8+
Kg7 40. h6+ Kf6 41. Nh7+ Kg6 42. Nf8+ Kf7 43. Rd1 Kxf8 44. h7 Kg7 45. Rd7+ Kh8
46. Rd8+ Kxh7 47. Rd7+ Kg8 48. Rd8+ Kf7 49. Rd7+ Ke8 50. Rd1 Re1+ 51. Rxe1+
Bxe1 52. Kf1 Bxc3 53. Ke2 Bb2 54. Kd3 Bxa3 55. Kc2 Bxb4 0-1

[Event "Aust Junior Open "]
[Site "Perth "]
[Date "2004.01.14"]
[Round "1.10"]
[White "Wongwitchit, Phachara"]
[Black "Kaspar, Ric"]
[Result "1-0"]
[WhiteElo "1773"]
[BlackElo "1436"]
[PlyCount "69"]
[EventDate "2004.01.14"]
[EventType "swiss"]
[EventRounds "11"]
[EventCountry "AUS"]

1. Nf3 Nf6 2. d4 g6 3. Bg5 Bg7 4. Nbd2 d5 5. e3 Bf5 6. c4 c6 7. Be2 Nbd7 8. O-O
Qb6 9. b3 Ne4 10. Nxe4 Bxe4 11. Nd2 c5 12. f3 Bf5 13. cxd5 cxd4 14. Nc4 Qc5 15.
g4 d3 16. Bxd3 Bxd3 17. Qxd3 Bxa1 18. Rxa1 b5 19. Nd2 Nb6 20. Ne4 Qxd5 21. Qc3
Rg8 22. Qb4 Qd7 23. Kg2 Rc8 24. Rd1 Rc2+ 25. Kh3 Qc7 26. Qxb5+ Qc6 27. Qe5 Qe6
28. Qb8+ Rc8 29. Qxa7 h5 30. Rd4 hxg4+ 31. fxg4 Nd7 32. Qb7 Rh8+ 33. Kg3 Ne5
34. Nf2 Qc6 35. Qxe7# 1-0

[Event "Aust Junior Open "]
[Site "Perth "]
[Date "2004.01.14"]
[Round "1.11"]
[White "Haselgrove, Miles"]
[Black "Lattimore, Tor"]
[Result "0-1"]
[WhiteElo "1434"]
[BlackElo "1765"]
[PlyCount "44"]
[EventDate "2004.01.14"]
[EventType "swiss"]
[EventRounds "11"]
[EventCountry "AUS"]

1. e4 c5 2. Nf3 Nc6 3. d4 cxd4 4. Nxd4 Nf6 5. Nc3 e6 6. Nxc6 bxc6 7. e5 Nd5 8.
Nxd5 exd5 9. Bd3 d6 10. exd6 Bxd6 11. O-O Qh4 12. Re1+ Be6 13. g3 Qh3 14. c4
O-O 15. Bf1 Qf5 16. cxd5 Bxd5 17. Bg2 Bb4 18. Re2 Bc4 19. Re4 Rad8 20. Qa4 Qb5
21. Qxb5 Rd1+ 22. Bf1 Bxb5 0-1

[Event "Aust Junior Open "]
[Site "Perth "]
[Date "2004.01.14"]
[Round "1.13"]
[White "Muthusamy, Reubban"]
[Black "Yu, Michael"]
[Result "0-1"]
[WhiteElo "1389"]
[BlackElo "1736"]
[PlyCount "48"]
[EventDate "2004.01.14"]
[EventType "swiss"]
[EventRounds "11"]
[EventCountry "AUS"]

1. d4 d5 2. c4 Nc6 3. Nf3 Bg4 4. e3 e5 5. dxe5 dxc4 6. Qa4 Bxf3 7. gxf3 Qd5 8.
e4 Qxe5 9. Bxc4 Bb4+ 10. Kf1 O-O-O 11. Bd5 Nge7 12. Bxf7 Rhf8 13. Bc4 Qh5 14.
Be6+ Kb8 15. Bg4 Qf7 16. Qb3 Qg6 17. Na3 h5 18. Bh3 Bxa3 19. bxa3 Nd4 20. Qb4
Nec6 21. Qc5 Rxf3 22. Bg2 Qxe4 23. Bxf3 Qxf3 24. Rg1 Nb3 0-1

[Event "Aust Junior Open "]
[Site "Perth "]
[Date "2004.01.14"]
[Round "1.14"]
[White "Kimura, Toshi"]
[Black "Guzel, Adam"]
[Result "1/2-1/2"]
[WhiteElo "1723"]
[BlackElo "1346"]
[PlyCount "120"]
[EventDate "2004.01.14"]
[EventType "swiss"]
[EventRounds "11"]
[EventCountry "AUS"]

1. e4 e5 2. Nf3 Nc6 3. Bb5 Bc5 4. Bxc6 dxc6 5. O-O Bg4 6. h3 Bh5 7. g4 Bg6 8.
Nxe5 Qh4 9. Qf3 f6 10. Nxg6 hxg6 11. Kg2 Ne7 12. c3 O-O-O 13. d4 Bd6 14. Nd2 g5
15. Rh1 Bf4 16. Nf1 Ng6 17. Ne3 Qh7 18. Nf5 Bxc1 19. Raxc1 c5 20. Kf1 Nf4 21.
h4 g6 22. Ng3 Qg8 23. d5 gxh4 24. Qxf4 hxg3 25. Kg2 gxf2 26. c4 Rf8 27. Qxf2 f5
28. Qxc5 fxe4 29. Qxa7 Rxh1 30. Rxh1 Qf7 31. Qa8+ Kd7 32. Rh7 Qxh7 33. Qxf8 b6
34. Qf6 Qh6 35. Qe6+ Kd8 36. Qxe4 Qd2+ 37. Kg3 Qxb2 38. Qxg6 Qc3+ 39. Kh4 Qxc4
40. Qg5+ Kc8 41. Qd2 Qe4 42. Kg3 Qe5+ 43. Kh3 Qh8+ 44. Kg2 Qe5 45. g5 Kd7 46.
Kf3 Qf5+ 47. Kg3 Qe5+ 48. Kh3 Qf5+ 49. Kh4 Qe4+ 50. Kh5 Qh7+ 51. Kg4 Qe4+ 52.
Kg3 Qe5+ 53. Kh4 Qe4+ 54. Kh5 Qh7+ 55. Kg4 Qe4+ 56. Qf4 Qxd5 57. g6 Qe6+ 58.
Kg5 Qxa2 59. g7 Kc6 60. Qf3+ Kb5 1/2-1/2

[Event "Aust Junior Open "]
[Site "Perth "]
[Date "2004.01.14"]
[Round "1.15"]
[White "Tse, Jeffrey"]
[Black "Ikeda, Junta"]
[Result "0-1"]
[WhiteElo "1337"]
[BlackElo "1705"]
[PlyCount "104"]
[EventDate "2004.01.14"]
[EventType "swiss"]
[EventRounds "11"]
[EventCountry "AUS"]

1. e4 e5 2. Nf3 Nc6 3. Bc4 Bc5 4. d3 h6 5. Nc3 d6 6. h3 Nf6 7. O-O a6 8. a3 O-O
9. Be3 Qe7 10. b4 Ba7 11. Bxa7 Rxa7 12. Nd5 Nxd5 13. Bxd5 Nd8 14. Re1 Be6 15.
Bxe6 Nxe6 16. d4 Nf4 17. d5 g6 18. Kh2 Qd7 19. c4 f5 20. Ng1 fxe4 21. Rxe4 Qf5
22. Qf3 c6 23. dxc6 bxc6 24. g3 Nxh3 25. Qxf5 gxf5 26. Re2 Nxg1 27. Kxg1 Rd8
28. Rd1 Rad7 29. a4 Kf7 30. b5 axb5 31. axb5 cxb5 32. cxb5 Ke6 33. b6 Rb8 34.
Rb1 Rdb7 35. Reb2 Rc8 36. f3 Rc6 37. Kf2 d5 38. Ke2 Kd6 39. Kd3 e4+ 40. fxe4
fxe4+ 41. Ke3 Ke5 42. Rb4 d4+ 43. Kd2 e3+ 44. Ke1 d3 45. R4b3 Kd4 46. R3b2 Ke4
47. Rb3 Rc2 48. Rd1 Re2+ 49. Kf1 Rd2 50. Re1 Kf3 51. Reb1 e2+ 52. Ke1 Rc2 {...}
0-1

[Event "Aust Junior Open "]
[Site "Perth "]
[Date "2004.01.14"]
[Round "1.16"]
[White "Stojic, Svetozar"]
[Black "Colic, Igor"]
[Result "1-0"]
[WhiteElo "1700"]
[BlackElo "1332"]
[PlyCount "92"]
[EventDate "2004.01.14"]
[EventType "swiss"]
[EventRounds "11"]
[EventCountry "AUS"]

1. e4 e5 2. Nf3 Nc6 3. Bb5 a6 4. Ba4 Be7 5. O-O Nf6 6. Re1 O-O 7. Bxc6 dxc6 8.
Nxe5 Bc5 9. c3 Bd6 10. Nf3 Re8 11. e5 Bg4 12. d4 Bxe5 13. dxe5 Qxd1 14. Rxd1
Bxf3 15. gxf3 Rxe5 16. Bf4 Rf5 17. Bxc7 Rxf3 18. Nd2 Rf5 19. Nf1 h5 20. Rd8+
Rxd8 21. Bxd8 Rg5+ 22. Kh1 Rf5 23. Bxf6 Rxf6 24. Kg2 Rg6+ 25. Kf3 h4 26. Ne3
Rf6+ 27. Ke2 Rf4 28. Rg1 Kh7 29. Rg4 Rxg4 30. Nxg4 f6 31. Ne3 g5 32. Nc4 c5 33.
Nb6 Kg6 34. Nd7 c4 35. Nc5 b5 36. Nxa6 Kf5 37. Kf3 g4+ 38. Ke3 Ke5 39. Nb4 f5
40. Nc6+ Ke6 41. Kf4 g3 42. fxg3 hxg3 43. hxg3 Kd5 44. Nd4 Kc5 45. Kxf5 b4 46.
g4 b3 {...} 1-0

[Event "Aust Junior Open "]
[Site "Perth "]
[Date "2004.01.14"]
[Round "1.18"]
[White "Wang, Zhengbo"]
[Black "Humphries, Ryan"]
[Result "1-0"]
[WhiteElo "1684"]
[BlackElo "1238"]
[PlyCount "79"]
[EventDate "2004.01.14"]
[EventType "swiss"]
[EventRounds "11"]
[EventCountry "AUS"]

1. e4 c5 2. Nc3 d6 3. Bc4 Nf6 4. d3 Nc6 5. f4 e6 6. Nf3 d5 7. Bb3 b6 8. O-O Be7
9. Qe1 Nd4 10. Ne5 Nxb3 11. axb3 Bb7 12. Qg3 O-O 13. f5 exf5 14. Rxf5 g6 15.
Bh6 Re8 16. Nxd5 Bxd5 17. exd5 Bd6 18. Bg5 Nh5 19. Qf3 f6 20. Bxf6 Nxf6 21. Nc6
Qc7 22. Rxf6 Bxh2+ 23. Kh1 Rf8 24. Rf1 Bd6 25. d4 cxd4 26. Nxd4 Qe7 27. Nb5 Be5
28. Rxf8+ Rxf8 29. Qxf8+ Qxf8 30. Rxf8+ Kxf8 31. Nxa7 Bxb2 32. Nc8 Bd4 33. b4
Ke8 34. Nd6+ Ke7 35. Ne4 b5 36. g4 h5 37. gxh5 gxh5 38. Kg2 Bf6 39. Kh3 Kf7 40.
Nd6+ 1-0

[Event "Aust Junior Open "]
[Site "Perth "]
[Date "2004.01.14"]
[Round "1.19"]
[White "Martin, Richard"]
[Black "Ly, Moulthun"]
[Result "0-1"]
[WhiteElo "1237"]
[BlackElo "1646"]
[PlyCount "38"]
[EventDate "2004.01.14"]
[EventType "swiss"]
[EventRounds "11"]
[EventCountry "AUS"]

1. e4 d5 2. exd5 Qxd5 3. Nc3 Qa5 4. Bc4 Nf6 5. Nf3 c6 6. d3 Bg4 7. O-O e6 8.
Bf4 Nbd7 9. Re1 Bb4 10. Bd2 O-O 11. Ne4 Bxf3 12. gxf3 Bxd2 13. Qxd2 Qh5 14. Ng3
Qxf3 15. h3 c5 16. Re3 Qf4 17. Rae1 Nb6 18. Ne2 Qd6 19. Rg3 Ne4 0-1

[Event "Aust Junior Open "]
[Site "Perth "]
[Date "2004.01.14"]
[Round "1.20"]
[White "Ferris, Shaun"]
[Black "Beltrami, Matthew"]
[Result "1-0"]
[WhiteElo "1641"]
[BlackElo "1208"]
[PlyCount "73"]
[EventDate "2004.01.14"]
[EventType "swiss"]
[EventRounds "11"]
[EventCountry "AUS"]

1. c4 c5 2. Nf3 Nc6 3. Nc3 d6 4. g3 g6 5. Bg2 Bg7 6. O-O e5 7. d3 Nge7 8. a3
Bd7 9. Rb1 f5 10. Ne1 O-O 11. Bd2 Qc8 12. b4 f4 13. Ne4 fxg3 14. hxg3 Qc7 15.
bxc5 dxc5 16. Nxc5 b6 17. Nxd7 Qxd7 18. Bb4 Rf7 19. Qa4 Rc8 20. Nc2 Rc7 21. Ne3
Kh8 22. Bxe7 Nxe7 23. Qc2 Nf5 24. Nd5 Rc5 25. e3 b5 26. Rfc1 Nd6 27. Qb3 bxc4
28. dxc4 Rf8 29. Rc2 e4 30. Nf4 g5 31. Bh3 g4 32. Bf1 h5 33. Ng6+ Kg8 34. Nxf8
Kxf8 35. Rd2 h4 36. Qb8+ Rc8 37. Qxd6+ 1-0

[Event "Aust Junior Open "]
[Site "Perth "]
[Date "2004.01.14"]
[Round "1.25"]
[White "Arnold, Matthew"]
[Black "Yu, Chris"]
[Result "0-1"]
[WhiteElo "883"]
[BlackElo "1589"]
[PlyCount "48"]
[EventDate "2004.01.14"]
[EventType "swiss"]
[EventRounds "11"]
[EventCountry "AUS"]

1. c4 Nf6 2. Nc3 e5 3. e4 Nc6 4. d3 h6 5. Nge2 Bc5 6. g3 Ng4 7. Bg2 Nxf2 8. Qc2
Nb4 9. Qd2 Nbxd3+ 10. Kf1 Qf6 11. Nf4 exf4 12. gxf4 Qh4 13. Qe2 Nxh1 14. Bxh1
Nxc1 15. Rxc1 Qxf4+ 16. Bf3 Qxc1+ 17. Nd1 d6 18. e5 Bh3+ 19. Ke1 O-O 20. exd6
Rfe8 21. dxc7 Rxe2+ 22. Bxe2 Re8 23. a3 Be3 24. c8=Q Qd2# 0-1

[Event "Aust Junior Open "]
[Site "Perth "]
[Date "2004.01.14"]
[Round "1.27"]
[White "Ung, Josephine"]
[Black "Vijaykumar, Rukman"]
[Result "0-1"]
[WhiteElo "332"]
[BlackElo "1577"]
[PlyCount "28"]
[EventDate "2004.01.14"]
[EventType "swiss"]
[EventRounds "11"]
[EventCountry "AUS"]

1. d4 d5 2. Nf3 Nf6 3. Bf4 c5 4. e3 Nc6 5. c3 Qb6 6. Qc1 Bf5 7. Nbd2 e6 8. Nh4
Bg6 9. Nxg6 hxg6 10. Bd3 Rc8 11. O-O cxd4 12. exd4 Nxd4 13. Be3 Qc7 14. Bxd4
Qxh2# 0-1

[Event "Aust Junior Open "]
[Site "Perth "]
[Date "2004.01.15"]
[Round "2.1"]
[White "Chow, Sam"]
[Black "Ferris, Shaun"]
[Result "1-0"]
[WhiteElo "2130"]
[BlackElo "1641"]
[PlyCount "53"]
[EventDate "2004.01.14"]
[EventType "swiss"]
[EventRounds "11"]
[EventCountry "AUS"]

1. e4 c5 2. Nc3 Nc6 3. g3 g6 4. Bg2 Bg7 5. d3 d6 6. Be3 Rb8 7. Qd2 b5 8. Nge2
Nd4 9. O-O e6 10. Nc1 b4 11. Nd1 Ne7 12. c3 bxc3 13. bxc3 Ndc6 14. Bh6 O-O 15.
Bxg7 Kxg7 16. Ne3 Ba6 17. Rd1 Qb6 18. Nb3 Ne5 19. c4 N5c6 20. f4 f5 21. Rab1
Rfe8 22. Qc3+ Kf7 23. exf5 gxf5 24. Bf3 Kg6 25. Bh5+ Kxh5 26. Qg7 h6 27. g4+
1-0

[Event "Aust Junior Open "]
[Site "Perth "]
[Date "2004.01.15"]
[Round "2.2"]
[White "Chapman, Mark"]
[Black "Bourmistrov, Denis"]
[Result "0-1"]
[WhiteElo "1639"]
[BlackElo "2030"]
[PlyCount "85"]
[EventDate "2004.01.14"]
[EventType "swiss"]
[EventRounds "11"]
[EventCountry "AUS"]

1. e4 d6 2. d4 Nf6 3. Nd2 g6 4. Ngf3 Bg7 5. c3 c6 6. Be2 Qc7 7. O-O O-O 8. Re1
e5 9. Bf1 Re8 10. h3 a6 11. a4 b6 12. Qc2 Nbd7 13. Nc4 Bb7 14. dxe5 dxe5 15.
Bg5 b5 16. Ne3 Nc5 17. Bxf6 Bxf6 18. axb5 axb5 19. Nd2 Bg5 20. Rxa8 Rxa8 21.
Nb3 Ne6 22. g3 Be7 23. Rd1 Qb6 24. h4 Bc8 25. Bg2 Ra2 26. Ng4 f6 27. Ne3 Kf7
28. Bh3 Ba3 29. Rb1 Be7 30. Rd1 Ra8 31. Bg2 Ng7 32. Qe2 Be6 33. Nc1 Ne8 34. Nd3
Nd6 35. Qf3 Kg7 36. h5 Nc4 37. Re1 Ra2 38. Nd1 Qa6 39. Bf1 Nd2 40. Qe3 Nxf1 41.
Kxf1 Bc4 42. Ke2 b4 43. Rh1 0-1

[Event "Aust Junior Open "]
[Site "Perth "]
[Date "2004.01.15"]
[Round "2.3"]
[White "Zvedeniouk, Ilia"]
[Black "Jager, Jesse"]
[Result "0-1"]
[WhiteElo "1922"]
[BlackElo "1598"]
[PlyCount "70"]
[EventDate "2004.01.14"]
[EventType "swiss"]
[EventRounds "11"]
[EventCountry "AUS"]

1. e4 c5 2. c3 Nf6 3. e5 Nd5 4. d4 cxd4 5. Qxd4 e6 6. Nf3 Nc6 7. Qe4 f5 8. Qe2
Be7 9. c4 Nc7 10. Nc3 O-O 11. h4 h6 12. Bf4 Bb4 13. Rd1 a5 14. Qd2 Rf7 15. Rh3
b6 16. a3 Bxc3 17. Qxc3 Na6 18. Bd3 Nc5 19. Bc2 a4 20. Nd4 Nxd4 21. Qxd4 Bb7
22. f3 Rc8 23. Qe3 b5 24. cxb5 Qa5+ 25. Kf2 Qxb5 26. Qd4 Ba6 27. Re1 Nb3 28.
Bxb3 axb3 29. Bd2 Rc2 30. Kg1 Rf8 31. Bc3 Rc8 32. a4 Qb7 33. Rh1 Rc4 34. Qd6
Qa7+ 35. Kh2 Rxh4+ 0-1

[Event "Aust Junior Open "]
[Site "Perth "]
[Date "2004.01.15"]
[Round "2.4"]
[White "Huang, Justin"]
[Black "Wei, Michael"]
[Result "1-0"]
[WhiteElo "1596"]
[BlackElo "1870"]
[PlyCount "115"]
[EventDate "2004.01.14"]
[EventType "swiss"]
[EventRounds "11"]
[EventCountry "AUS"]

1. Nf3 Nf6 2. b3 e6 3. Bb2 Be7 4. e3 O-O 5. d4 b6 6. Nbd2 Bb7 7. c4 Ne4 8. Be2
f5 9. O-O Qe8 10. Qc2 Qg6 11. Ne5 Qh6 12. Bf3 Nxd2 13. Bxb7 Nxf1 14. Rxf1 d6
15. Bxa8 dxe5 16. Bf3 e4 17. Be2 Bd6 18. h3 Nd7 19. Rd1 Nf6 20. c5 Be7 21. cxb6
cxb6 22. Qc6 Nd5 23. Bc4 Rd8 24. Bxd5 Rxd5 25. Qe8+ Bf8 26. Ba3 Qf6 27. Bxf8
Qxf8 28. Qxe6+ Qf7 29. Qc8+ Qf8 30. Rc1 Rd8 31. Qe6+ Kh8 32. Rc7 Re8 33. Qd5 a5
34. Rf7 Qb4 35. Qxf5 Qe1+ 36. Kh2 Qb4 37. Qg5 Rg8 38. Qe7 Qxe7 39. Rxe7 h6 40.
Rxe4 Rc8 41. d5 Kg8 42. d6 Rd8 43. Rd4 Kf7 44. e4 Ke6 45. f4 g6 46. e5 h5 47.
Kg3 g5 48. fxg5 Kxe5 49. Rd2 Kf5 50. Kh4 b5 51. d7 a4 52. bxa4 bxa4 53. a3 Kg6
54. Rd6+ Kf7 55. Kxh5 Ke7 56. Rd4 Kf7 57. h4 Ke7 58. Kg4 1-0

[Event "Aust Junior Open "]
[Site "Perth "]
[Date "2004.01.15"]
[Round "2.5"]
[White "Stojic, Dusan"]
[Black "Hu, Jason"]
[Result "0-1"]
[WhiteElo "1863"]
[BlackElo "1590"]
[PlyCount "116"]
[EventDate "2004.01.14"]
[EventType "swiss"]
[EventRounds "11"]
[EventCountry "AUS"]

1. e4 c5 2. Nf3 e6 3. d4 d5 4. dxc5 Bxc5 5. exd5 exd5 6. Bd3 Nf6 7. O-O O-O 8.
Nc3 Bb4 9. Bd2 Bg4 10. a3 Ba5 11. b4 Bb6 12. Bg5 Nc6 13. Bxf6 gxf6 14. Nxd5 Bd4
15. c3 Qxd5 16. cxd4 Nxd4 17. Be2 Nxe2+ 18. Qxe2 Bxf3 19. Qxf3 Qxf3 20. gxf3
Rfd8 21. Rfe1 Kf8 22. Rac1 Rac8 23. Kg2 b6 24. b5 Rxc1 25. Rxc1 Rd3 26. a4 Rd4
27. Rc6 Rxa4 28. Rxf6 Ra5 29. h4 Rxb5 30. Rd6 a5 31. h5 Rg5+ 32. Kf1 Rxh5 33.
Rxb6 Rh1+ 34. Kg2 Ra1 35. f4 Kg7 36. Ra6 a4 37. Kh2 a3 38. Kg2 a2 39. Kh2 Kf8
40. Ra7 f5 41. Kg2 Ke8 42. Kh2 Kd8 43. Kg2 Kc8 44. Kh2 Kb8 45. Ra5 Kb7 46. Kg2
Kb6 47. Ra8 h5 48. Ra3 h4 49. Rb3+ Kc5 50. Ra3 h3+ 51. Kh2 Kd4 52. f3 Kc4 53.
Ra4+ Kd3 54. Ra8 Ke2 55. Ra3 Kf2 56. Ra5 Kxf3 57. Ra3+ Kxf4 58. Ra4+ Ke3 0-1

[Event "Aust Junior Open "]
[Site "Perth "]
[Date "2004.01.15"]
[Round "2.6"]
[White "Suttor, Vincent"]
[Black "Yu, Chris"]
[Result "1-0"]
[WhiteElo "1828"]
[BlackElo "1589"]
[PlyCount "63"]
[EventDate "2004.01.14"]
[EventType "swiss"]
[EventRounds "11"]
[EventCountry "AUS"]

1. d4 Nf6 2. c4 e6 3. Nf3 d5 4. Nc3 b6 5. cxd5 Nxd5 6. e4 Nxc3 7. bxc3 Be7 8.
Bd3 Bb7 9. O-O Nd7 10. Qe2 c5 11. Rd1 cxd4 12. cxd4 O-O 13. Bf4 Nf6 14. Rac1
Bd6 15. Bxd6 Qxd6 16. e5 Qd5 17. exf6 gxf6 18. Ba6 Bxa6 19. Qxa6 Kh8 20. Qc4
Qh5 21. Qd3 Rg8 22. Ne1 Rad8 23. Qf3 Qg6 24. Nc2 Rd5 25. Ne3 Rg5 26. Rc7 f5 27.
g3 Rh5 28. Ng2 f4 29. Nxf4 Qf5 30. Qxh5 Qxf4 31. Rxf7 Qxd4 32. Qxh7# 1-0